Gaming Quiz

Random Gaming or Video Games Quiz
Score 0/115 Timer 15:00
0 Plays Today
Skill Name Hero Name % Correct
Meat HookPudge
76.2%
ShrapnelSniper
75.9%
Blade FuryJuggernaut
75.5%
LaserTinker
74.3%
Summon WolvesLycan
73.6%
Crystal NovaCrystal Maiden
73.6%
FissureEarthshaker
73.2%
Spawn SpiderlingsBroodmother
72.8%
Proximity MinesTechies
72.8%
Chaos BoltChaos Knight
72.4%
Mana BreakAnti-Mage
72%
QuasInvoker
72%
BloodrageBloodseeker
71.6%
Venomous GaleVenomancer
71.6%
Spirit LancePhantom Lancer
71.3%
Lucent BeamLuna
71.3%
Summon Spirit BearLone Druid
71.3%
Frost ArrowDrow Ranger
70.9%
Shuriken TossBounty Hunter
70.9%
Spectral DaggerSpectre
70.9%
Wild AxesBeastmaster
70.5%
Smoke ScreenRiki
70.5%
AvalancheTiny
70.1%
Battery AssaultClockwerk
69.7%
Viscous Nasal GooBristleback
69.7%
Icarus DivePhoenix
69.7%
Time WalkFaceless Void
69.7%
ShackleshotWindranger
69.7%
Dual BreathJakiro
69.7%
TorrentKunkka
69%
Acid SprayAlchemist
69%
WaveformMorphling
69%
Stifling DaggerPhantom Assassin
69%
BurrowstrikeSand King
68.6%
Breath FireDragon Knight
68.2%
Wraithfire BlashWraith King
68.2%
Charge Of DarknessSpirit Breaker
68.2%
VacuumDark Seer
68.2%
The SwarmWeaver
67.8%
Skill Name Hero Name % Correct
Paralyzing CaskWitch Doctor
67.8%
Fatal BondsWarlock
67.8%
Berserker's CallAxe
67.4%
Rocket BarrageGyrocopter
67.4%
Earth SpikeLion
67.4%
PurificationOmniknight
67%
ShadowrazeShadow Fiend
67%
Illusory OrbPuck
66.3%
Cold FeetAncient Apparition
66.3%
Arc LightningZeus
65.9%
TelekinesisRubick
65.9%
Hoof StompCentaur Warrunner
65.5%
Overwhelming OddsLegion Commander
65.5%
Storm HammerSven
65.1%
TetherIo
65.1%
Sticky NapalmBatrider
65.1%
StarstormMirana
64.8%
SwashbucklePangolier
64.5%
DecayUndying
64.4%
Searing ChainsEmber Spirit
64%
Split ShotMedusa
64%
SproutNature's Prophet
64%
GushTidehunter
63.6%
Magic MissileVengeful Spirit
63.6%
Static RemnantStorm Spirit
63.2%
DevourDoom
62.8%
Poison AttackViper
62.8%
ImpaleNyx Assassin
62.8%
UntouchableEnchantress
62.8%
Nature's GuiseTreant Protector
61.7%
RageLifestealer
61.7%
Echo StompElder Titan
60.9%
Dragon SlaveLina
60.5%
Arctic BurnWinter Wyvern
60.5%
IlluminateKeeper Of The Light
60.2%
Ice ShardsTusk
59.8%
Nether BlastPugna
59%
ThunderclapBrewmaster
58.6%
EnfeebleBane
58.6%
Skill Name Hero Name % Correct
Dark PactSlark
58.2%
Bramble MazeDark Willow
58.1%
Boulder SmashEarth Spirit
57.9%
FireblastOgre Magi
57.5%
ReflectionTerrorblade
57.1%
Mist CoilAbaddon
56.7%
Whirling DeathTimbersaw
56.3%
Frost BlastLich
56.3%
RefractionTemplar Assassin
55.2%
Grave ChillVisage
55.2%
Mirror ImageNaga Siren
54.8%
Inner VitalityHuskar
53.6%
Fortune's EndOracle
53.6%
Crypt SwarmDeath Prophet
53.6%
Poison TouchDazzle
53.3%
ShockwaveMagnus
52.5%
Berserker's RageTroll Warlord
52.5%
StrafeClinkz
52.5%
FluxArc Warden
52.5%
Thunder StrikeDisruptor
52.1%
PenitenceChen
51.3%
Arcane BoltSkywrath Mage
51.3%
Death PulseNecrophos
51.3%
Arcane OrbOutworld Devourer
51%
Boundless StrikeMonkey King
50.6%
Ether ShockShadow Shaman
50.2%
Arcanse CurseSilencer
49.4%
DisruptionShadow Demon
47.5%
Plasma FieldRazor
44.1%
VoidNight Stalker
43.7%
FirestormUnderlord
43.7%
Shadow StrikeQueen Of Pain
43.7%
Guardian SprintSlardar
43.3%
MaleficeEnigma
43.3%
Split EarthLeshrac
40.2%
EarthbindMeepo
39.8%
EarthshockUrsa
38.3%

You're not logged in!

Compare scores with friends on all Sporcle quizzes.
OR
Log In

Sporcle TV

Today on Sporcle TV


Watch our educational content, quiz creation guides, and fun videos on Sporcle TV.

Show Comments

Extras

Top Quizzes Today


Score Distribution

Paid Content

Your Account Isn't Verified!

In order to create a playlist on Sporcle, you need to verify the email address you used during registration. Go to your Sporcle Settings to finish the process.

Report this User

Report this user for behavior that violates our Community Guidelines.

Details: